Introduction to digital signal and system analysis (Record no. 209248)

000 -LEADER
fixed length control field 00319 a2200133 4500
003 - CONTROL NUMBER IDENTIFIER
control field Nust
005 - DATE AND TIME OF LATEST TRANSACTION
control field 20170207164545.0
040 ## - CATALOGING SOURCE
Transcribing agency Nust
245 ## - TITLE STATEMENT
Title Introduction to digital signal and system analysis
Statement of responsibility, etc. Weiji Wang
260 ## - PUBLICATION, DISTRIBUTION, ETC.
Name of publisher, distributor, etc. Ventus publishing
Date of publication, distribution, etc. 2012
300 ## - PHYSICAL DESCRIPTION
Extent 111p
500 ## - GENERAL NOTE
General note E Book
650 ## - SUBJECT ADDED ENTRY--TOPICAL TERM
Topical term or geographic name entry element digital signal system
942 ## - ADDED ENTRY ELEMENTS (KOHA)
Source of classification or shelving scheme
Koha item type Book
Holdings
Withdrawn status Lost status Source of classification or shelving scheme Damaged status Not for loan Collection code Permanent Location Current Location Date acquired Total Checkouts Full call number Barcode Date last seen Price effective from Koha item type
            Military College of Signals (MCS) Military College of Signals (MCS) 12/12/2016   621.3 MCSEB-1086 12/08/2016 12/12/2016 Book
© 2023 Central Library, National University of Sciences and Technology. All Rights Reserved.